000 00648nam a22001937a 4500
999 _c186178
_d186178
005 20220308103314.0
010 _aENG-131611
020 _a97893862359725
_c925.00
035 _aEN-115143
037 _bDBAD
082 _a509.2
100 _aParthasarathy, R.
245 _aPaths of Innovators:
_bIn Science, Engineering And Technology/
_cR Parthasarathy
250 _aSpecial Edition
260 _aHyderabad
_bUniversities Press Private Limited
_c2018
270 _a3-6-747/1/a & 3-6-754/1, Himayatnagar
_bHyderabad
_e500029
_minfo@universitiespress.com
300 _a326p.
_bIndex
_c24cm(hbk)
942 _2ddc
_cEN
_h509.2
_mPAR